[Event "CHN Team"]
[Site "Zhongshan"]
[Date "2015.07.12"]
[Round "3"]
[White "Zhou, Zirun"]
[Black "Liang, Yaqi"]
[Result "1-0"]
[WhiteElo "1798"]
[BlackElo "1667"]
[PlyCount "77"]
[EventDate "2015.07.11"]
[EventType "team-swiss"]
[EventRounds "11"]
[EventCountry "CHN"]
[SourceTitle "CBM 167 Extra"]
[Source "ChessBase"]
[SourceDate "2015.09.14"]
[SourceVersion "1"]
[SourceVersionDate "2015.09.14"]
[SourceQuality "1"]
[WhiteTeam "Wuxi Tianyi"]
[BlackTeam "Chongqing Qiyuan"]
[WhiteTeamCountry "CHN"]
[BlackTeamCountry "CHN"]

1. e4 c5 2. Nf3 d6 3. d4 cxd4 4. Nxd4 Nf6 5. f3 a6 6. c4 e6 7. Nc3 Be7 8. Be3 Qc7 9. Be2 Nc6 10. 0-0 Bd7 11. Rc1 0-0 12. Qd2 Rfd8 13. Rfd1 Nxd4 14. Bxd4 Bc6 15. Nd5 exd5 16. cxd5 Qd7 17. dxc6 bxc6 18. Qc2 Rdc8 19. Bd3 c5 20. Bxf6 Bxf6 21. e5 Bg5 22. Bxh7+ Kh8 23. Bf5 Qe8 24. Bxc8 Bxc1 25. Qxc1 Rxc8 26. exd6 Qd7 27. Qe3 Kg8 28. Qe7 Rd8 29. Rd5 f6 30. Kf2 c4 31. Qxd7 Rxd7 32. Ke3 Kf7 33. Kd4 Ke6 34. Kxc4 g6 35. Kc5 Rd8 36. d7 Rxd7 37. Rxd7 Kxd7 38. Kb6 Kd6 39. Kxa6 1-0